| 000 | 00817nam a22002657a 4500 | ||
|---|---|---|---|
| 003 | DO-SdBNP | ||
| 005 | 20210429122408.0 | ||
| 008 | 210308b 2017 dr 00| 0 spa d | ||
| 020 | _a9789945492996 | ||
| 040 |
_aBPMSU _bSpa _cBPMSU |
||
| 082 |
_aRD861.44 _bR595v 2017 _222 |
||
| 100 | 1 |
_aRisco Bermúdez, René del _d1937-1972 |
|
| 110 | _a | ||
| 245 |
_aEl viento frío / _cRené del Risco Bermúdez : Presentación Pedro Vergés |
||
| 260 |
_aSanto Domingo : _bEditora Nacional, _c2017 |
||
| 300 |
_a279 p. ; _c21 cm. |
||
| 490 | 0 | _aHomenaje | |
| 500 | _aIncluye datos biográficos del autor en la solapa de la cubierta | ||
| 590 | _6Inventariado, 2021/VM | ||
| 650 | 4 | _aPoesía dominicana | |
| 650 | 4 | _aLiteratura dominicana | |
| 700 | 1 |
_aVergés, Pedro _epresentación |
|
| 910 | _aVMateo | ||
| 942 |
_2ddc _cBK |
||
| 999 |
_c13443 _d13443 |
||